000 00538nam a2200145Ia 4500
008 151213s9999 xx 000 0 und d
100 _aঔবহবিহযংরহম
245 _aঈযরহবংব খরঃবৎধঃঁৎব
_cঔবহবিহযংরহম
260 _aঈযধরহধ
_bঋড়ৎবরময খধহমঁধফমব ঈযরহধ চৎবংং
300 _a8651 p.
650 _aBangla
650 _aইতিহাস।
700 _aঔবহবিহযংরহম
999 _c4438
_d4438